Public-Private Partnership in International Construction: Learning from case studies (Record no. 77159)
[ view plain ]
| 000 -LEADER | |
|---|---|
| fixed length control field | 00986nam a2200169 a 4500 |
| 008 - FIXED-LENGTH DATA ELEMENTS--GENERAL INFORMATION | |
| fixed length control field | 211122s2014 ||||||||||||||||| || u |
| 050 ## - LIBRARY OF CONGRESS CALL NUMBER | |
| Classification number | HD 3871 Cha |
| 100 ## - MAIN ENTRY--PERSONAL NAME | |
| Personal name | Chan, Albert P.C |
| 245 10 - TITLE STATEMENT | |
| Title | Public-Private Partnership in International Construction: Learning from case studies |
| Statement of responsibility, etc. | By Albert P.C Chan; Esther Cheung |
| 260 ## - PUBLICATION, DISTRIBUTION, ETC. | |
| Place of publication, distribution, etc. | New York |
| Name of publisher, distributor, etc. | Routledge |
| Date of publication, distribution, etc. | 2014 |
| 300 ## - PHYSICAL DESCRIPTION | |
| Extent | xv,190 pages: illustrations |
| 650 ## - SUBJECT ADDED ENTRY--TOPICAL TERM | |
| Topical term or geographic name entry element | PUBLIC-PRIVATE SECTOR COOPERATION |
| 650 ## - SUBJECT ADDED ENTRY--TOPICAL TERM | |
| Topical term or geographic name entry element | PUBLIC WORKS--FINANCE |
| 995 ## - | |
| -- | MAIN LIBRARY OPEN ACCESS |
| -- | 751184 |
| -- | CBU-MAIN LIBRARY (Kitwe) |
| -- | 183.47 |
| -- | HD 3871 Cha |
| -- | 1 |
| -- | AVAILABLE |
| -- | Nov 22, 2021 |
| -- | 751184 |
| -- | Main Library Open Access Collection |
| 995 ## - | |
| -- | MAIN LIBRARY OPEN ACCESS |
| -- | 751185 |
| -- | CBU-MAIN LIBRARY (Kitwe) |
| -- | 183.47 |
| -- | HD 3871 Cha |
| -- | 2 |
| -- | AVAILABLE |
| -- | Nov 22, 2021 |
| -- | 751185 |
| -- | Main Library Open Access Collection |
| 995 ## - | |
| -- | MAIN LIBRARY OPEN ACCESS |
| -- | 751186 |
| -- | CBU-MAIN LIBRARY (Kitwe) |
| -- | 183.47 |
| -- | HD 3871 Cha |
| -- | 3 |
| -- | AVAILABLE |
| -- | Nov 22, 2021 |
| -- | 751186 |
| -- | Main Library Open Access Collection |
| 999 ## - | |
| -- | 77159 |
| -- | 77159 |
| Withdrawn status | Lost status | Source of classification or shelving scheme | Damaged status | Not for loan | Permanent Location | Current Location | Shelving location | Date acquired | Total Checkouts | Full call number | Barcode | Date last seen | Copy number | Price effective from | Koha item type |
|---|---|---|---|---|---|---|---|---|---|---|---|---|---|---|---|
| CBU-MAIN LIBRARY, KITWE. | CBU-MAIN LIBRARY, KITWE. | 04/25/2023 | HD 3871 Cha | 751184 | 04/25/2023 | 1 | 04/25/2023 | MONOGRAPH | |||||||
| CBU-MAIN LIBRARY, KITWE. | CBU-MAIN LIBRARY, KITWE. | 04/25/2023 | HD 3871 Cha | 751185 | 04/25/2023 | 2 | 04/25/2023 | MONOGRAPH | |||||||
| CBU-MAIN LIBRARY, KITWE. | CBU-MAIN LIBRARY, KITWE. | 04/25/2023 | HD 3871 Cha | 751186 | 04/25/2023 | 3 | 04/25/2023 | MONOGRAPH |